Ingeniería de tránsito y de carreteras
محفوظ في:
| المؤلف الرئيسي: | |
|---|---|
| مؤلفون آخرون: | |
| التنسيق: | كتاب |
| منشور في: |
Australia : Thomson
2005.
|
| الموضوعات: | |
| الوسوم: |
إضافة وسم
لا توجد وسوم, كن أول من يضع وسما على هذه التسجيلة!
|
MARC
| LEADER | 00000nam a2200000Ia 4500 | ||
|---|---|---|---|
| 003 | 000127 | ||
| 005 | 20221231144016.0 | ||
| 008 | 140114s2005 au a 000 ||s d | ||
| 040 | |c cru CEDI | ||
| 082 | |a 625.7 G213i3 | ||
| 100 | |a Garber, Nicholas J |9 18851 | ||
| 245 | |a Ingeniería de tránsito y de carreteras | ||
| 260 | |a Australia : Thomson |c 2005. | ||
| 300 | |a xviii, 1170 páginas : ilustraciones | ||
| 500 | |a Traducción de: Traffic & highway engineering, 3. ed. | ||
| 650 | |x INGENIERÍA DEL TRÁNSITO |x INGENIERÍA DE CARRETERAS |9 18853 | ||
| 700 | |9 18852 |a Hoel, Lester A. | ||
| 942 | |2 ddc |c BK | ||
| 999 | |c 15554 |d 15554 | ||
